000 01660cam a2200313 4500
001 ABS67196
008 031029n2003 000 0 eng u
035 _a(Sirsi) u124143
100 _aTromans, S.
245 _aEnvironmental protest and the law
260 _c2003
490 _aJournal of Planning and Environment Law
_vNovember 2003, 1367-1383(17)
520 _aHighlights some of the practical methods of recourse for developers and others when faced with disruption through protest and the legal issues arising. Looks at trespass on land and criminal liability including the offences of collective trespass and aggravated trespass created by the Criminal Justice and Public Order Act 1994. The section dealing with offsite protest and criminal liability examines harassment, planning and highways law, trespassory assembly. Considers the effect of the Human Right Act 1998 and the European Convention on Human Rights and Fundamental Freedoms and the position of European Community law. Civil remedies such as possession orders and injunctions are considered. Examines the legal position of off-shore protest. Refers extensively to case law throughout.
590 _aABS
650 _aTRESPASS
650 _aCRIMINAL LAW
650 _aCRIMINAL LIABILITY
650 _aPROTESTERS
650 _aOFFSHORE
650 _aHUMAN RIGHTS ACT 1998
650 _aCRIMINAL JUSTICE AND PUBLIC ORDER ACT 1994
650 _aCIVIL LAW
650 _aCONVENTION FOR THE PROTECTION OF HUMAN RIGHTS AND FUNDAMENTAL FREEDOMS
650 _aPOSSESSION ORDERS
650 _aINJUNCTIONS
650 _aHUMAN RIGHTS
690 _aPROPERTY
942 _n0
999 _c73680
_d73680